Decisive Indian Battles and Wars / (Record no. 592643)

000 -LEADER
fixed length control field 01121nam a22001577a 4500
003 - CONTROL NUMBER IDENTIFIER
control field NUST
020 ## - INTERNATIONAL STANDARD BOOK NUMBER
International Standard Book Number 9788126920075
082 ## - DEWEY DECIMAL CLASSIFICATION NUMBER
Classification number 973.0497,SIN
100 ## - MAIN ENTRY--PERSONAL NAME
Personal name Singh, Saviat
9 (RLIN) 104612
245 ## - TITLE STATEMENT
Title Decisive Indian Battles and Wars /
Statement of responsibility, etc. Saviat Singh,
260 ## - PUBLICATION, DISTRIBUTION, ETC.
Place of publication, distribution, etc. Atlantic
Name of publisher, distributor, etc. New Delhi
Date of publication, distribution, etc. 2015
300 ## - PHYSICAL DESCRIPTION
Extent 194 p
505 ## - FORMATTED CONTENTS NOTE
Formatted contents note Battle of Kurukshetra (Page-1), Battle of Hyaspes (Page-10), Battle of Kalinga (Page-16), Battle of Train (Page-23), The First battle of Panipat (Page-30), Battle of Khanwa (Page-37), Battle of Kannauj (Page-45), The Second battle of Panipat (Page-50), Battl of Talikota (Page-57), Battle of Haldighati (Page-64), Battle of Samugarh (Page-71), Battle of Plassey (Page-78), Battle of Wandiwash (Page-84), The Third battle of Panipat (Page-92), Battle of Buxar (Page-101), The Mysore wars (Page-107), The First Anglo Sikh War (Page-120), Battle of Chillianwala (Page-126), The War of 1857 (Page-133), 1948, First Indo-Pak War (Page-143), The 1965 Indo-Pak War (Page-162), 1971. Bangladesh War (Page-171), The Kargil War (Page-181).
650 ## - SUBJECT ADDED ENTRY--TOPICAL TERM
Topical term or geographic name entry element Indian Battles and Wars
9 (RLIN) 104613
942 ## - ADDED ENTRY ELEMENTS (KOHA)
Source of classification or shelving scheme
Koha item type Book
Holdings
Withdrawn status Lost status Source of classification or shelving scheme Damaged status Not for loan Permanent Location Current Location Shelving location Date acquired Shelving control number Total Checkouts Full call number Barcode Date last seen Date last checked out Price effective from Koha item type Public note
          Military College of Signals (MCS) Military College of Signals (MCS) General Stacks 12/12/2022 History 2 973.0497,SIN MCS37569 04/15/2024 03/21/2024 12/12/2022 Book Almirah No.62, Shelf No.6
© 2023 Central Library, National University of Sciences and Technology. All Rights Reserved.